Hannibal /

保存先:
書誌詳細
第一著者: Lamb, Harrold
フォーマット: 図書
言語:英語
出版事項: New York : Bantam Books Publishers, c1958.
主題:
タグ: タグ追加
タグなし, このレコードへの初めてのタグを付けませんか!

MARC

LEADER 00000cam a22000002a 4500
001 0000008291
003 DAYSTAR
005 20171002014525.0
008 030703s1958 nyu 001 0 eng d
040 |a Daystar  |d LKithuka 
050 1 |a DG 249  |b .L36 
100 1 |a Lamb, Harrold. 
245 1 0 |a Hannibal /  |c Harrold Lamb. 
260 |a New York :  |b Bantam Books Publishers,  |c c1958. 
300 |a 276 p. 
504 |a Includes bibliographical references and index. 
650 0 |a Hannibal, 247  |x 182 B.C. 
908 |a 060412 
942 |c BK 
999 |c 2254  |d 2254